[Event "SBDU BEM 2008"]
[Site "Wohndorf Laar"]
[Date "2008.11.14"]
[Round "5.6"]
[White "Grigat, Klaus-Dieter"]
[Black "Junker, Bernd"]
[Result "1-0"]
[WhiteElo "1831"]
[BlackElo "1663"]
[PlyCount "93"]
[EventDate "2008.??.??"]
[WhiteTeam "SG Meiderich/Ruhrort"]
[BlackTeam "SG Meiderich/Ruhrort"]

1. Nf3 Nf6 2. g3 g6 3. Bg2 Bg7 4. Nc3 d5 5. d4 c6 6. O-O O-O 7. Bf4 Nbd7 8. Qd2
Re8 9. Rfe1 Nh5 10. Bh6 e5 11. Bxg7 Nxg7 12. e4 dxe4 13. Nxe4 exd4 14. Nxd4 Nf6
15. Rad1 Nxe4 16. Rxe4 Rxe4 17. Bxe4 Ne6 18. Nb3 Qxd2 19. Rxd2 Kf8 20. Na5 Rb8
21. b4 Nc7 22. Rd8+ Ke7 23. Rh8 Kd6 24. c4 h5 25. f4 Na6 26. c5+ Ke6 27. a3 Bd7
$4 28. Rxb8 Nxb8 29. Nxb7 Ke7 30. Na5 f5 31. Bf3 Kd8 32. Kf2 Kc7 33. Ke3 Be8
34. Kd4 Kd8 35. Nb7+ Ke7 36. Nd6 Bd7 37. Nc4 Kf6 38. Ne5 Be8 39. Kc3 Ke7 40.
Be2 Kf6 41. Kb3 g5 42. Ka4 gxf4 43. gxf4 h4 44. Kb3 Ke7 45. Kc3 Ke6 46. Kd4 a6
47. Nf3 1-0

[Event "SBDU BEM 2008"]
[Site "Wohndorf Laar"]
[Date "2008.11.14"]
[Round "5.7"]
[White "Hamm, Siegfried"]
[Black "Fabo, Stefan"]
[Result "1-0"]
[WhiteElo "1733"]
[BlackElo "1566"]
[PlyCount "73"]
[EventDate "2008.??.??"]
[WhiteTeam "OSC Rheinhausen"]
[BlackTeam "SG Duisburg-Nord"]

1. e4 c5 2. d4 cxd4 3. c3 dxc3 4. Nxc3 e6 5. Nf3 a6 6. Bc4 Nc6 7. O-O Be7 8.
Re1 Qa5 9. Bf4 Nf6 10. h3 O-O 11. Bd2 Qh5 12. Be2 h6 13. Bf4 Qa5 14. Qd2 Kh7
15. e5 Nh5 16. Bd3+ g6 17. Bxh6 Rh8 18. Bg5 Qd8 19. Ne4 Bxg5 20. Nfxg5+ Kg7 21.
Nd6 Rf8 22. g4 Nd4 23. gxh5 Qxg5+ 24. Qxg5 Nf3+ 25. Kg2 Nxg5 26. f4 Nh7 27.
hxg6 fxg6 28. Rac1 b5 29. Rc7 Rb8 30. Rec1 Rxf4 31. Nxc8 Rd4 32. Rd1 Ng5 33.
Bc2 Rxd1 34. Bxd1 Kh6 35. Nd6 Rd8 36. h4 Nh7 37. Nf7+ 1-0

[Event "SBDU BEM 2008"]
[Site "Wohndorf Laar"]
[Date "2008.11.14"]
[Round "5.8"]
[White "Hampel, Ernst"]
[Black "Hamm, Michael"]
[Result "1-0"]
[WhiteElo "1594"]
[BlackElo "1674"]
[PlyCount "71"]
[EventDate "2008.??.??"]
[WhiteTeam "SG Duisburg-Nord"]
[BlackTeam "SF Brett vor´m Kopp DU"]

1. d4 Nf6 2. c4 g6 3. Nc3 d5 4. cxd5 Nxd5 5. e4 Nxc3 6. bxc3 Bg7 7. Be3 c5 8.
Bc4 Nc6 9. Ne2 O-O 10. Qd2 Na5 11. Bd3 Bg4 12. f3 Bd7 13. O-O Rc8 14. Rfc1 c4
15. Bc2 a6 16. Bh6 Qb6 17. Bxg7 Kxg7 18. Rcb1 Qf6 19. Rb4 Rfd8 20. Rab1 b5 21.
e5 Qh4 22. Ng3 Nc6 23. R4b2 Be6 24. Qe3 b4 25. Ne2 bxc3 26. g3 Qh5 27. Qxc3 g5
28. Be4 f5 29. Bxc6 Rxc6 30. Rb7 Rd7 31. Rxd7 Bxd7 32. d5 Rh6 33. e6+ Kg6 34.
h4 Bb5 35. a4 gxh4 36. Nf4+ 1-0

[Event "SBDU BEM 2008"]
[Site "Wohndorf Laar"]
[Date "2008.11.14"]
[Round "5.9"]
[White "Plückelmann, Thomas"]
[Black "Scharrenbroich, Torsten"]
[Result "1-0"]
[WhiteElo "1652"]
[BlackElo "1431"]
[PlyCount "67"]
[EventDate "2008.??.??"]
[WhiteTeam "SG Duisburg-Nord"]
[BlackTeam "SG Meiderich/Ruhrort"]

1. d4 Nf6 2. c4 g6 3. Nc3 d5 4. Nf3 Bg7 5. e3 O-O 6. Bd3 Be6 7. cxd5 Nxd5 8.
O-O Nxc3 9. bxc3 c5 10. Qe2 Nc6 11. Bb2 b6 12. Rfd1 Qc7 13. Be4 Bd7 14. d5 f5
15. Bd3 Ne5 16. Nxe5 Bxe5 17. f4 Bg7 18. c4 e5 19. d6 Qc8 20. Bxe5 Bxe5 21.
fxe5 f4 22. Be4 Rb8 23. Rf1 b5 24. exf4 Bg4 25. Bd5+ Be6 26. Bxe6+ Qxe6 27.
cxb5 c4 28. Rac1 Rxb5 29. Qxc4 Qxc4 30. Rxc4 a5 31. g3 Rb2 32. Rf2 Rxf2 33.
Kxf2 Rc8 34. d7 1-0

[Event "SBDU BEM 2008"]
[Site "Wohndorf Laar"]
[Date "2008.11.14"]
[Round "5.10"]
[White "Duda, Karl-Heinz"]
[Black "Imbierowicz, Dirk"]
[Result "0-1"]
[WhiteElo "1677"]
[BlackElo "1452"]
[PlyCount "38"]
[EventDate "2008.??.??"]
[WhiteTeam "SG Meiderich/Ruhrort"]
[BlackTeam "OSC Rheinhausen"]

1. c4 e6 2. Nc3 d5 3. cxd5 exd5 4. d4 Nf6 5. e3 Be7 6. Bd3 Nc6 7. a3 O-O 8. Qc2
a6 9. h3 Be6 10. Nf3 g6 11. Bd2 b5 12. Nxb5 Bd7 13. Nc3 Re8 14. O-O Bd6 15. b4
Ne7 16. Na4 Qc8 17. Nc5 Bxh3 18. Ne5 Bxe5 19. dxe5 Qg4 0-1

[Event "SBDU BEM 2008"]
[Site "Wohndorf Laar"]
[Date "2008.11.14"]
[Round "5.11"]
[White "Bajonczak, Helmut"]
[Black "Kohlhause, Dirk"]
[Result "0-1"]
[WhiteElo "1269"]
[BlackElo "1363"]
[PlyCount "82"]
[EventDate "2008.??.??"]
[WhiteTeam "OSC Rheinhausen"]
[BlackTeam "SG Meiderich/Ruhrort"]

1. d4 Nf6 2. f4 d5 3. Nf3 g6 4. e3 Bg7 5. Bd3 O-O 6. O-O b6 7. Bd2 c5 8. c3 Nc6
9. Na3 a6 10. Qe2 c4 11. Bc2 b5 12. b3 Qd6 13. b4 Rb8 14. Bd1 Bf5 15. Bc2 Bg4
16. h3 Bd7 17. Ne5 a5 18. Rab1 axb4 19. Bd1 bxa3 20. Nxd7 Qxd7 21. Bc2 Nh5 22.
Qf3 Qd6 23. e4 dxe4 24. Bxe4 Rfc8 25. g4 Nf6 26. Bc2 Nd5 27. f5 e5 28. fxg6
fxg6 29. Qg3 b4 30. cxb4 Ndxb4 31. Qxa3 exd4 32. Qf3 Nxc2 33. Rxb8 Rxb8 34.
Qf7+ Kh8 35. Kg2 c3 36. Bg5 Ne5 37. Qa7 Ne3+ 38. Bxe3 dxe3 39. Rd1 Rb2+ 40. Kg3
Nd3+ 41. Kf3 Qf4# 0-1

[Event "SBDU BEM 2008"]
[Site "Wohndorf Laar"]
[Date "2008.10.30"]
[Round "5.12"]
[White "Straub, Peter"]
[Black "Hufnagel, Markus"]
[Result "0-1"]
[WhiteElo "1035"]
[BlackElo "1298"]
[PlyCount "108"]
[EventDate "2008.??.??"]
[WhiteTeam "SG Meiderich/Ruhrort"]
[BlackTeam "SF Brett vor´m Kopp DU"]

1. d4 d5 2. Nc3 e6 3. a3 Nf6 4. e3 Be7 5. Be2 c5 6. h3 O-O 7. Nf3 Nc6 8. O-O b6
9. Ne5 Bb7 10. Bf3 Rc8 11. Re1 Bd6 12. Nb5 h6 13. Nxd6 Qxd6 14. c3 Nxe5 15.
dxe5 Qxe5 16. Qd3 a6 17. g3 b5 18. Bg2 c4 19. Qc2 Nd7 20. f4 Qd6 21. e4 dxe4
22. Bxe4 Bxe4 23. Rxe4 Nc5 24. Rd4 Qb6 25. Qd1 Nb3 26. Rb1 Nxd4 27. Qxd4 Qxd4+
28. cxd4 Rfd8 29. Be3 a5 30. Rc1 b4 31. Kf2 Rd7 32. Ke2 Rdc7 33. Bd2 Rb8 34. a4
Kh7 35. b3 c3 36. Be3 Kg6 37. Kd3 Rbc8 38. g4 f5 39. g5 hxg5 40. fxg5 Rh8 41.
Rh1 Rh4 42. Bf2 Re4 43. h4 Kh5 44. Rg1 c2 45. Kd2 Rc3 46. g6 Rg4 47. Kc1 Rxg1+
48. Bxg1 f4 49. d5 exd5 50. Bd4 Rc7 51. Bb6 Rc6 52. Bxa5 f3 53. Bxb4 f2 54. Bf8
f1=Q+ 0-1

[Event "SBDU BEM 2008"]
[Site "Wohndorf Laar"]
[Date "2008.11.21"]
[Round "6.1"]
[White "Visser, Dirk"]
[Black "Sauer, Andreas"]
[Result "1/2-1/2"]
[WhiteElo "2054"]
[BlackElo "1965"]
[Annotator "Dirk Visser"]
[PlyCount "44"]
[EventDate "2008.??.??"]
[WhiteTeam "SG Meiderich/Ruhrort "]
[BlackTeam "SG Meiderich/Ruhrort"]

1. c4 c6 {[%emt 0:00:00]} 2. Nf3 d5 3. d4 Nf6 4. e3 Bg4 5. h3 Bxf3 6. Qxf3 e6
7. Bd3 Nbd7 8. cxd5 $6 (8. Nc3 Bd6 9. O-O O-O 10. Rd1 Re8 11. Qe2 Qe7 12. c5
Bc7 13. f4 b6 14. b4 bxc5 15. bxc5 e5 16. Re1 exd4 $15) 8... exd5 9. Nc3 Bd6
10. O-O O-O 11. e4 dxe4 12. Nxe4 Nxe4 13. Bxe4 Qf6 $6 (13... Nb6 14. Bd2 Bc7
$11) 14. Qg4 $16 Qe7 15. Bc2 $6 (15. Re1 f5 16. Bd5+ cxd5 17. Rxe7 fxg4 18.
Rxd7 $16) (15. Bh6 $6 f5 16. Bxf5 Rxf5 17. Qxf5 gxh6 18. Rae1 Qf7 19. Qg4+ Kh8
$15) 15... Nf6 16. Qf3 Bc7 17. Rd1 (17. Bg5 Qd6 18. g3 Qxd4 19. Qf5 Qd5 20.
Bxf6 Qxf5 21. Bxf5 gxf6 $11) 17... Rfe8 18. g3 Qe2 19. Qxe2 Rxe2 20. Bd3 Ree8
21. Bg5 Nd5 22. Bc4 h6 1/2-1/2

[Event "SBDU BEM 2008"]
[Site "Wohndorf Laar"]
[Date "2008.11.27"]
[Round "6.2"]
[White "Leers-Fischer, Hans"]
[Black "Zielinski, Werner"]
[Result "1/2-1/2"]
[WhiteElo "1994"]
[BlackElo "1963"]
[PlyCount "161"]
[EventDate "2008.??.??"]
[WhiteTeam "SG Meiderich/Ruhrort"]
[BlackTeam "SG Meiderich/Ruhrort"]

1. e4 c5 2. Nf3 Nc6 3. d4 cxd4 4. Nxd4 g6 5. Nc3 Bg7 6. Be3 Nf6 7. Bc4 O-O 8.
f3 Qb6 9. Qd2 Nxe4 10. fxe4 Bxd4 11. Bxd4 Qxd4 12. Qxd4 Nxd4 13. O-O-O Nc6 14.
g4 d6 15. Rdg1 Ne5 16. Be2 Be6 17. h4 a6 18. g5 Kg7 19. Rg2 Rac8 20. h5 Bc4 21.
Bd1 b5 22. a3 a5 23. Rgh2 Rh8 24. b3 Bxb3 25. Nxb5 Bc4 26. Nd4 f6 27. gxf6+
exf6 28. Rg2 Kf7 29. Rgh2 g5 30. h6 Bd3 31. Bh5+ Ke7 32. Nf5+ Ke6 33. Re1 Bxe4
34. Rxe4 Kxf5 35. Rd4 Rc6 36. Rd5 Ra8 37. Rb5 Ke6 38. Rb7 Rh8 39. Re2 Kf5 40.
Rf2+ Ke6 41. Re2 f5 42. Rg7 Kf6 43. Rg2 g4 44. Kd2 Rc5 45. c3 Rd5+ 46. Ke1 Rc5
47. Kd2 Rc4 48. Rf2 Nf3+ 49. Ke2 Re4+ 50. Kd3 Re7 51. Bxg4 Rxg7 52. hxg7 Ne5+
53. Kd4 Kxg7 54. Bxf5 Rf8 55. Rg2+ Ng6 56. Be4 Rf4 57. c4 Kf7 58. Kd5 Rf6 59.
Rh2 Nf4+ 60. Kc6 d5+ 61. Kd7 dxe4 62. Rxh7+ Kg6 63. Rh1 e3 64. c5 Nd5 65. c6 e2
66. Re1 Nc3 67. c7 Rf7+ 68. Kd6 Rf8 69. Kd7 Kf5 70. c8=Q Rxc8 71. Kxc8 Ke4 72.
Kb7 Kd3 73. Kc6 Kd2 74. Rh1 e1=Q 75. Rxe1 Kxe1 76. Kb6 a4 77. Ka5 Kd2 78. Kb4
Kc2 79. Kc4 Kb2 80. Kd3 Kxa3 81. Kxc3 1/2-1/2

[Event "SBDU BEM 2008"]
[Site "Wohndorf Laar"]
[Date "2008.11.28"]
[Round "6.3"]
[White "Heinert, Eugen"]
[Black "Meinert, Thomas"]
[Result "1-0"]
[WhiteElo "1965"]
[BlackElo "1892"]
[PlyCount "35"]
[EventDate "2008.??.??"]
[WhiteTeam "OSC Rheinhausen"]
[BlackTeam "SG Meiderich/Ruhrort"]

1. d4 g6 2. e4 Bg7 3. Nc3 d6 4. Be3 Nf6 5. f3 b6 6. Qd2 h5 7. O-O-O c5 8. dxc5
bxc5 9. e5 Nfd7 10. exd6 Qa5 11. dxe7 Bxc3 12. Qxc3 Qxc3 13. bxc3 Kxe7 14. Bc4
Bb7 15. Nh3 Nc6 16. Rhe1 Nce5 17. Bxc5+ Kf6 18. Rxd7 1-0

[Event "SBDU BEM 2008"]
[Site "Wohndorf Laar"]
[Date "2008.11.28"]
[Round "6.4"]
[White "Hampel, Ernst"]
[Black "Grigat, Klaus-Dieter"]
[Result "0-1"]
[WhiteElo "1594"]
[BlackElo "1831"]
[PlyCount "90"]
[EventDate "2008.??.??"]
[WhiteTeam "SG Duisburg-Nord"]
[BlackTeam "SG Meiderich/Ruhrort"]

1. d4 d5 2. c4 dxc4 3. e3 Nf6 4. Bxc4 Nc6 5. Nf3 Bg4 6. h3 Bh5 7. Nc3 e6 8. Qb3
Bxf3 9. gxf3 Na5 10. Qa4+ c6 11. Bd3 b5 12. Nxb5 Nd5 13. Nc3 Bb4 14. Bd2 O-O
15. a3 Bxc3 16. bxc3 Ne7 17. c4 Nb7 18. c5 Nxc5 19. Bxh7+ Kxh7 20. dxc5 Kg8 21.
Ke2 Qd5 22. Qd4 Qxd4 23. exd4 Rfd8 24. Be3 Nf5 25. Rhd1 Rab8 26. Rd2 Rb3 27.
Rd3 Rb2+ 28. Rd2 Rxd2+ 29. Kxd2 Nxd4 30. Bxd4 Rxd4+ 31. Kc3 Rf4 32. Rd1 Rxf3+
33. Rd3 Rxd3+ 34. Kxd3 Kf8 35. Ke4 Ke7 36. f4 Kf6 37. h4 g6 38. a4 a5 39. Kd4
Kf5 40. Ke3 e5 41. fxe5 Kxe5 42. Kf3 Kd5 43. Kg4 f6 44. h5 gxh5+ 45. Kxh5 Kxc5
0-1

[Event "SBDU BEM 2008"]
[Site "Wohndorf Laar"]
[Date "2008.11.28"]
[Round "6.5"]
[White "Germann, Norbert"]
[Black "Hamm, Siegfried"]
[Result "1/2-1/2"]
[WhiteElo "1802"]
[BlackElo "1733"]
[PlyCount "30"]
[EventDate "2008.??.??"]
[WhiteTeam "SF Brett vor´m Kopp DU"]
[BlackTeam "OSC Rheinhausen"]

1. d4 f5 2. g3 Nf6 3. Bg2 e6 4. c4 Be7 5. Nf3 d6 6. O-O O-O 7. Nc3 Qe8 8. b3 a5
9. Bb2 Qh5 10. e3 c6 11. a3 d5 12. c5 Nbd7 13. b4 b6 14. Ne1 Qxd1 15. Rxd1 b5
1/2-1/2

[Event "SBDU BEM 2008"]
[Site "Wohndorf Laar"]
[Date "2008.11.28"]
[Round "6.6"]
[White "Plückelmann, Thomas"]
[Black "Waschkewitz, Stefan"]
[Result "1/2-1/2"]
[WhiteElo "1652"]
[BlackElo "1702"]
[PlyCount "102"]
[EventDate "2008.??.??"]
[WhiteTeam "SG Duisburg-Nord"]
[BlackTeam "SG Duisburg-Nord"]

1. d4 Nf6 2. c4 g6 3. Nc3 Bg7 4. e4 d6 5. Nf3 O-O 6. Be2 e5 7. dxe5 dxe5 8.
Qxd8 Rxd8 9. Bg5 h6 10. Bxf6 Bxf6 11. Nd5 Rxd5 12. cxd5 c6 13. Rc1 Bd7 14. Bc4
cxd5 15. Bxd5 Nc6 16. a3 Rb8 17. O-O Ne7 18. Rc7 Bb5 19. Bc4 Bxc4 20. Rxc4 Nc6
21. Rd1 Kf8 22. Kf1 Ke7 23. Ke2 Ke6 24. Rd5 Bd8 25. Rb5 Bb6 26. Rd5 g5 27. g4
f6 28. Rc1 Rh8 29. Rcd1 Nd4+ 30. Nxd4+ Bxd4 31. R1xd4 exd4 32. Rxd4 Rc8 33. Ke3
Rc2 34. Rd2 Rc8 35. f3 Ke7 36. Kf2 Ke6 37. Kg3 Ke7 38. h4 Rc1 39. hxg5 hxg5 40.
Kf2 Rh1 41. Ke3 Re1+ 42. Kd4 Rf1 43. Rd3 Ke6 44. a4 Rc1 45. b3 Rc8 46. Ke3 Rc1
47. Kd2 Rc8 48. Rd5 Rc7 49. Rd3 Rc8 50. Ke3 Rc1 51. Kd4 Rc8 1/2-1/2

[Event "SBDU BEM 2008"]
[Site "Wohndorf Laar"]
[Date "2008.11.28"]
[Round "6.7"]
[White "Hoppe, Norbert"]
[Black "Halfmann, Peter"]
[Result "1-0"]
[WhiteElo "1477"]
[BlackElo "1718"]
[PlyCount "71"]
[EventDate "2008.??.??"]
[WhiteTeam "SG Meiderich/Ruhrort"]
[BlackTeam "OSC Rheinhausen"]

1. e4 c5 2. Nf3 Nf6 3. Nc3 Nc6 4. d4 d5 5. e5 Ne4 6. Bd3 Nxc3 7. bxc3 c4 8. Be2
Bg4 9. O-O e6 10. Re1 Be7 11. a4 Qa5 12. Bd2 O-O 13. Kh1 a6 14. Ng1 Bxe2 15.
Qxe2 Ra7 16. Qg4 Rfa8 17. Ne2 Qd8 18. Nf4 Kh8 19. Re3 Qg8 20. Rg3 g6 21. h4 Rf8
22. h5 Nd8 23. Kh2 Qg7 24. Rh1 g5 25. h6 Qxh6+ 26. Kg1 f5 27. exf6 Qxf6 28. Qh5
Rf7 29. Rxg5 Qxg5 30. Ng6+ Kg8 31. Bxg5 Bxg5 32. Qxg5 Nc6 33. Ne7+ Kf8 34. Nc8
Ra8 35. Qh6+ Ke8 36. Nd6+ 1-0

[Event "SBDU BEM 2008"]
[Site "Wohndorf Laar"]
[Date "2008.11.21"]
[Round "6.8"]
[White "Hamm, Michael"]
[Black "Kohlhause, Dirk"]
[Result "1-0"]
[WhiteElo "1674"]
[BlackElo "1363"]
[PlyCount "49"]
[EventDate "2008.??.??"]
[WhiteTeam "SF Brett vor´m Kopp DU"]
[BlackTeam "SG Meiderich/Ruhrort"]

1. e4 c5 2. Nf3 Nc6 3. d3 d6 4. Bf4 Nf6 5. g3 g6 6. Bg2 Bg7 7. Qd2 Qb6 8. c3
O-O 9. Na3 Rd8 10. Nc4 Qb5 11. a4 Qa6 12. Ng5 b5 13. Na3 e5 14. axb5 Qb6 15.
Be3 Na5 16. Nc4 Nxc4 17. dxc4 a6 18. O-O Bd7 19. bxa6 Rxa6 20. Rxa6 Qxa6 21. f4
Qxc4 22. Qxd6 h6 23. fxe5 Ng4 24. Rxf7 Nxe3 25. Rxg7+ 1-0

[Event "SBDU BEM 2008"]
[Site "Wohndorf Laar"]
[Date "2008.11.28"]
[Round "6.9"]
[White "Junker, Bernd"]
[Black "Fabo, Stefan"]
[Result "1-0"]
[WhiteElo "1663"]
[BlackElo "1566"]
[PlyCount "87"]
[EventDate "2008.??.??"]
[WhiteTeam "SG Meiderich/Ruhrort"]
[BlackTeam "SG Duisburg-Nord"]

1. c4 b6 2. Nf3 c5 3. g3 Bb7 4. Bg2 g6 5. O-O Bg7 6. Nc3 Nf6 7. e3 O-O 8. d4
cxd4 9. exd4 d6 10. b3 Nbd7 11. Bb2 Rc8 12. Re1 a6 13. Rb1 Re8 14. d5 Rc7 15.
Qd2 Qb8 16. Re2 Bc8 17. Rbe1 Nf8 18. Nd4 Ng4 19. Nc6 Qb7 20. h3 Ne5 21. Nxe5
Bxe5 22. Ne4 Nd7 23. Bxe5 Nxe5 24. f4 Bxh3 25. fxe5 Bxg2 26. exd6 Bxe4 27. dxc7
Qxc7 28. Rxe4 Qxg3+ 29. Qg2 Qd6 30. Qf2 Kg7 31. Rf4 Rf8 32. Qe3 b5 33. Qe5+
Qxe5 34. Rxe5 Re8 35. c5 e6 36. c6 Rc8 37. dxe6 f6 38. Rc5 f5 39. c7 Kf6 40.
Rc6 a5 41. Rd4 h5 42. Rd8 Rxc7 43. Rxc7 Kxe6 44. Rc6+ 1-0

[Event "SBDU BEM 2008"]
[Site "Wohndorf Laar"]
[Date "2008.11.28"]
[Round "6.10"]
[White "Imbierowicz, Dirk"]
[Black "Hufnagel, Markus"]
[Result "1/2-1/2"]
[WhiteElo "1452"]
[BlackElo "1298"]
[PlyCount "90"]
[EventDate "2008.??.??"]
[WhiteTeam "OSC Rheinhausen"]
[BlackTeam "SF Brett vor´m Kopp DU"]

1. e4 e5 2. Nf3 Nc6 3. Bc4 h6 4. d4 Qf6 5. dxe5 Nxe5 6. Nxe5 Qxe5 7. Qf3 Nf6 8.
Nc3 Bb4 9. O-O O-O 10. Bf4 Qc5 11. Bb3 d6 12. h3 Bd7 13. Bxh6 Bc6 14. Be3 Qh5
15. Qxh5 Nxh5 16. Nd5 Bxd5 17. Bxd5 c6 18. Bc4 Nf6 19. f3 Nd7 20. Rad1 Ne5 21.
Bb3 Rfd8 22. f4 Nd7 23. Rf3 Bc5 24. Kf2 g6 25. g4 Kg7 26. Bxc5 Nxc5 27. Re3 Rd7
28. Kf3 Rad8 29. Re2 Kf8 30. h4 Ke7 31. f5 Kf6 32. Kf4 Re8 33. g5+ Kg7 34. f6+
Kf8 35. h5 gxh5 36. Rh1 d5 37. Rxh5 Kg8 38. e5 Ne6+ 39. Kf5 Nd4+ 40. Kg4 Nxe2
41. c4 Rxe5 42. cxd5 cxd5 43. Bc2 d4 44. Bh7+ Kf8 45. Bf5 Kg8 1/2-1/2

[Event "SBDU BEM 2008"]
[Site "Wohndorf Laar"]
[Date "2008.11.28"]
[Round "6.11"]
[White "Scharrenbroich, Torsten"]
[Black "Duda, Karl-Heinz"]
[Result "1/2-1/2"]
[WhiteElo "1431"]
[BlackElo "1677"]
[PlyCount "87"]
[EventDate "2008.??.??"]
[WhiteTeam "SG Meiderich/Ruhrort"]
[BlackTeam "SG Meiderich/Ruhrort"]

1. d4 d5 2. c4 e6 3. Nf3 Nf6 4. Nc3 c6 5. Bg5 Be7 6. Bxf6 Bxf6 7. e3 Nd7 8. Be2
dxc4 9. Bxc4 Be7 10. O-O Nf6 11. a3 O-O 12. Qc2 h6 13. Bd3 Bd6 14. h3 Qc7 15.
Ne4 Nxe4 16. Bxe4 Bd7 17. Rad1 Rac8 18. Ne5 Bxe5 19. dxe5 Rcd8 20. f4 Bc8 21.
Rxd8 Rxd8 22. Rd1 Qb6 23. Rxd8+ Qxd8 24. b4 a6 25. Qc5 g6 26. Qd4 Qe7 27. Qd6
Qd7 28. Qxd7 Bxd7 29. g4 Kg7 30. Kf2 Kf8 31. h4 Kg7 32. g5 h5 33. Ke2 Kf8 34.
Kd3 Ke7 35. Kc4 b6 36. a4 Kd8 37. a5 Kc7 38. Bd3 Kb7 39. e4 Ka7 40. Kd4 Kb7 41.
Bc4 Ka7 42. f5 Kb7 43. fxg6 fxg6 44. Kc3 1/2-1/2

[Event "SBDU BEM 2008"]
[Site "Wohndorf Laar"]
[Date "2008.12.12"]
[Round "7.1"]
[White "Sauer, Andreas"]
[Black "Heinert, Eugen"]
[Result "0-1"]
[WhiteElo "1905"]
[BlackElo "1965"]
[PlyCount "126"]
[EventDate "2008.??.??"]
[WhiteTeam "SG Meiderich/Ruhrort"]
[BlackTeam "OSC Rheinhausen"]

1. d4 d5 2. c4 c6 3. Nf3 Nf6 4. Nc3 e6 5. e3 Nbd7 6. a3 Bd6 7. b4 O-O 8. Bb2
Re8 9. Qb3 a6 10. c5 Bc7 11. Bd3 e5 12. dxe5 Nxe5 13. Nxe5 Bxe5 14. Ne2 Ng4 15.
Bxe5 Nxe5 16. Qc2 Qf6 17. O-O h5 18. Nd4 g6 19. Rae1 Bd7 20. h3 Re7 21. Re2
Rae8 22. Rfe1 Qh4 23. f4 Nxd3 24. Qxd3 Re4 25. Nf3 Qf6 26. Ng5 R4e7 27. Nf3 Bf5
28. Qd4 Qxd4 29. Nxd4 Bd3 30. Rd2 Bc4 31. Kf2 Re4 32. g3 a5 33. Rb2 a4 34. Nf3
R4e7 35. Nd4 Kg7 36. Nf3 Rb8 37. Ne5 Bb3 38. Nf3 Kf8 39. Nd2 Bc4 40. Nxc4 dxc4
41. e4 Rd8 42. Rc2 Rd4 43. e5 Red7 44. Rc3 Ke7 45. Kf3 Ke6 46. g4 Rd3+ 47. Re3
Rxc3 48. Rxc3 hxg4+ 49. hxg4 g5 50. Ke4 gxf4 51. Rxc4 f3 52. Rc3 f2 53. Rf3 Rd2
54. Rf6+ Ke7 55. Ke3 Ra2 56. Rxf2 Rxa3+ 57. Kd4 Rg3 58. Ra2 Rxg4+ 59. Kc3 Rg3+
60. Kc4 a3 61. b5 Ke6 62. bxc6 bxc6 63. Kb4 Kxe5 0-1

[Event "SBDU BEM 2008"]
[Site "Wohndorf Laar"]
[Date "2008.12.12"]
[Round "7.2"]
[White "Zielinski, Werner"]
[Black "Visser, Dirk"]
[Result "1-0"]
[WhiteElo "1963"]
[BlackElo "2054"]
[PlyCount "107"]
[EventDate "2008.??.??"]
[WhiteTeam "SG Meiderich/Ruhrort"]
[BlackTeam "SG Meiderich/Ruhrort"]

1. d4 g6 2. Nf3 Bg7 3. c4 d6 4. Nc3 Nf6 5. e4 O-O 6. h3 c5 7. d5 e6 8. Bd3 exd5
9. exd5 Re8+ 10. Be3 a6 11. a4 Nh5 12. O-O Nd7 13. Qd2 Ne5 14. Be2 Nxf3+ 15.
Bxf3 Ng3 16. Rfe1 Nf5 17. Bf4 Nd4 18. Rxe8+ Qxe8 19. Re1 Nxf3+ 20. gxf3 Qd8 21.
Ne4 Bxh3 22. Bxd6 b6 23. Qf4 Ra7 24. Be5 f5 25. Qg5 Qe7 26. Qxe7 Rxe7 27. d6
Rd7 28. Ng5 Bxe5 29. Rxe5 Rxd6 30. Nxh3 Rd2 31. b3 Rb2 32. Re3 Rd2 33. Nf4 g5
34. Nd5 f4 35. Re5 h6 36. Nxb6 Rd3 37. Kg2 Rxb3 38. a5 Kg7 39. Rxc5 Kg6 40. Nd5
h5 41. Rc6+ Kf5 42. Rxa6 h4 43. Rh6 Ra3 44. Ne7+ Ke5 45. Nc6+ Kf5 46. Nd4+ Ke5
47. Nc6+ Kf5 48. a6 h3+ 49. Kh2 Ra2 50. Kxh3 Rxf2 51. Nd4+ Ke5 52. a7 Ra2 53.
Nc6+ Kf5 54. Rh8 1-0

[Event "SBDU BEM 2008"]
[Site "Wohndorf Laar"]
[Date "2008.12.12"]
[Round "7.3"]
[White "Grigat, Klaus-Dieter"]
[Black "Leers-Fischer, Hans"]
[Result "1-0"]
[WhiteElo "1831"]
[BlackElo "1994"]
[PlyCount "110"]
[EventDate "2008.??.??"]
[WhiteTeam "SG Meiderich/Ruhrort"]
[BlackTeam "SG Meiderich/Ruhrort"]

1. e4 c5 2. Nf3 Nc6 3. d4 cxd4 4. Nxd4 g6 5. Nc3 Bg7 6. Be3 Nf6 7. Be2 O-O 8.
Qd2 d6 9. h4 Qa5 10. h5 Nxd4 11. Qxd4 Nxe4 12. Qxe4 Bxc3+ 13. Kf1 Bf6 14. g4
Qe5 15. Qg2 Be6 16. Rd1 Qxb2 17. g5 Bg7 18. Qh2 Rfc8 19. hxg6 hxg6 20. Qh4 Rxc2
21. Bd4 Bxd4 22. Rxd4 Rc1+ 23. Bd1 Qb5+ 24. Kg2 Qe5 25. Qh7+ Kf8 26. Qh8+ Qxh8
27. Rxh8+ Kg7 28. Rxa8 a6 29. Bb3 Bf5 30. Rb8 f6 31. Rxb7 fxg5 32. Rxe7+ Kf6
33. Re8 Rc6 34. Rd8 Ke5 35. Rd5+ Kf4 36. R5xd6 Be4+ 37. Kf1 Rc1+ 38. Rd1 Rc3
39. Rf8+ Bf5 40. Ke2 g4 41. Be6 Rc6 42. Bxf5 gxf5 43. Rd4+ Ke5 44. Ra4 Rc2+ 45.
Ke3 Rc3+ 46. Kd2 Rf3 47. Ke2 Rh3 48. Ra5+ Ke4 49. Raxf5 g3 50. Rf4+ Ke5 51.
fxg3 Rxg3 52. Ra4 Rg6 53. Ra8 Kd5 54. R4xa6 Rg2+ 55. Kf3 Rh2 {und nach vielen,
vielen weiteren Zügen} 1-0

[Event "SBDU BEM 2008"]
[Site "Wohndorf Laar"]
[Date "2008.12.12"]
[Round "7.4"]
[White "Meinert, Thomas"]
[Black "Germann, Norbert"]
[Result "1-0"]
[WhiteElo "1892"]
[BlackElo "1802"]
[PlyCount "61"]
[EventDate "2008.??.??"]
[WhiteTeam "SG Meiderich/Ruhrort"]
[BlackTeam "SF Brett vor´m Kopp DU"]

1. c4 c5 2. Nc3 Nc6 3. Nf3 e5 4. d3 g6 5. g3 Bg7 6. Bg2 Nge7 7. h4 h6 8. Be3 d6
9. Qc1 Be6 10. O-O Qd7 11. a3 Nd4 12. Rb1 Bh3 13. b4 Bxg2 14. Kxg2 b6 15. Rh1
Nef5 16. Bxd4 Nxd4 17. e4 Ne6 18. Nd5 Nc7 19. Nxc7+ Qxc7 20. h5 O-O-O 21. Nh4
Bf6 22. hxg6 Bxh4 23. g7 Rh7 24. Rxh4 Rg8 25. Rxh6 Rhxg7 26. Qh1 Qe7 27. Rh8
Qg5 28. Qh3+ Kc7 29. Rh1 Rxh8 30. Qxh8 Qg6 31. Qa8 1-0

[Event "SBDU BEM 2008"]
[Site "Wohndorf Laar"]
[Date "2008.12.12"]
[Round "7.5"]
[White "Hamm, Siegfried"]
[Black "Plückelmann, Thomas"]
[Result "1-0"]
[WhiteElo "1733"]
[BlackElo "1652"]
[PlyCount "89"]
[EventDate "2008.??.??"]
[WhiteTeam "OSC Rheinhausen"]
[BlackTeam "SG Duisburg-Nord"]

1. e4 e6 2. d3 c5 3. g3 b6 4. Bg2 Bb7 5. Nf3 d5 6. exd5 Bxd5 7. O-O Nf6 8. Bf4
Bd6 9. Bxd6 Qxd6 10. Nc3 Bc6 11. a4 a6 12. Qe2 Nbd7 13. Rfd1 O-O 14. Ne4 Qc7
15. Nfg5 Rae8 16. d4 h6 17. Nxf6+ Nxf6 18. Nf3 Bb7 19. dxc5 Qxc5 20. Ne1 Bxg2
21. Nxg2 Ra8 22. Rd3 Nd5 23. Ne3 Rfd8 24. Rad1 b5 25. b3 Rdc8 26. Nxd5 exd5 27.
Rxd5 Qc3 28. axb5 axb5 29. Rxb5 Qxc2 30. Qxc2 Rxc2 31. Rb7 Rb2 32. Rdd7 Rf8 33.
b4 Ra2 34. b5 Raa8 35. b6 Rab8 36. Rdc7 Rxb7 37. Rxb7 g6 38. Rc7 Rb8 39. b7 Kg7
40. Kg2 h5 41. Kf3 Kf6 42. h4 Ke6 43. Kf4 Kf6 44. f3 Ke6 45. Kg5 1-0

[Event "SBDU BEM 2008"]
[Site "Wohndorf Laar"]
[Date "2008.12.12"]
[Round "7.7"]
[White "Junker, Bernd"]
[Black "Hamm, Michael"]
[Result "1/2-1/2"]
[WhiteElo "1663"]
[BlackElo "1674"]
[PlyCount "81"]
[EventDate "2008.??.??"]
[WhiteTeam "SG Meiderich/Ruhrort"]
[BlackTeam "SF Brett vor´m Kopp DU"]

1. d4 Nf6 2. Nf3 d5 3. Bf4 g6 4. h3 Bg7 5. e3 O-O 6. Be2 c5 7. O-O cxd4 8. exd4
Qb6 9. Bc1 Nc6 10. c3 Bd7 11. Nbd2 Rfe8 12. Qb3 Qc7 13. Re1 Rad8 14. Nf1 Na5
15. Qd1 Ne4 16. Ng5 f5 17. Nxe4 fxe4 18. f3 e5 19. Bg5 Rc8 20. dxe5 Qxe5 21. f4
Qd6 22. Kh1 Nc4 23. Bxc4 Rxc4 24. Ne3 Rc5 25. Rf1 Rf8 26. Ng4 Bb5 27. Re1 h5
28. Nh6+ Kh7 29. Rxe4 Bxh6 30. Be7 Qc7 31. Bxf8 Bxf8 32. Re5 Bc6 33. Qd3 Qf7
34. Rxh5+ Kg8 35. Rg5 Be8 36. f5 Rc6 37. Rf1 Rf6 38. Rxg6+ Rxg6 39. fxg6 Qxg6
40. Qxd5+ Bf7 41. Qxb7 1/2-1/2